[Event "Ghent Taminco op 35th"]
[Site "Ghent"]
[Date "2012.07.14"]
[Round "1"]
[White "Schoeler, Gerhard"]
[Black "Sadkowsky, Daniel"]
[Result "0-1"]
[WhiteElo "1810"]
[BlackElo "2338"]
[PlyCount "80"]
[EventDate "2012.07.14"]
[EventType "swiss"]
[EventRounds "9"]
[EventCountry "BEL"]
[SourceTitle "CBM 149 Extra"]
[Source "ChessBase"]
[SourceDate "2012.08.24"]
[SourceVersion "1"]
[SourceVersionDate "2012.08.24"]
[SourceQuality "1"]

1. d4 Nf6 2. Nf3 g6 3. c4 Bg7 4. Nc3 d5 5. e3 0-0 6. h3 c5 7. Be2 Nc6 8. 0-0 cxd4 9. exd4 dxc4 10. Bxc4 b6 11. Re1 Bb7 12. a3 e6 13. Be3 Rc8 14. Qe2 Na5 15. Ba6 Qe7 16. Bxb7 Qxb7 17. Ne5 Rfd8 18. Rad1 Nd5 19. Nxd5 Rxd5 20. b4 Nc6 21. f4 Rcd8 22. Qf3 Qa8 23. g4 Ne7 24. Qe2 Rc8 25. Rc1 Rdd8 26. Kf2 Qb7 27. h4 Nd5 28. Bd2 b5 29. Rc5 a6 30. Rec1 Bf8 31. R5c2 Rxc2 32. Rxc2 Rc8 33. Qd3 Nf6 34. Rxc8 Qxc8 35. g5 Nd5 36. Kg3 Ne7 37. Qe4 Bg7 38. Kg4 Nd5 39. h5 f5+ 40. Kg3 Qd8 0-1

[Event "Ghent Taminco op 32nd"]
[Site "Ghent"]
[Date "2009.07.18"]
[Round "1"]
[White "Renette, Hans"]
[Black "Schoeler, Gerhard"]
[Result "1-0"]
[WhiteElo "2320"]
[BlackElo "2158"]
[PlyCount "79"]
[EventDate "2009.07.18"]
[EventType "swiss"]
[EventRounds "9"]
[EventCountry "BEL"]
[SourceTitle "CBM 131 Extra"]
[Source "ChessBase"]
[SourceDate "2009.09.03"]
[SourceVersion "2"]
[SourceVersionDate "2009.09.16"]
[SourceQuality "1"]

1. d4 Nf6 2. Nf3 e6 3. g3 d5 4. Bg2 Bd6 5. 0-0 Nbd7 6. c4 c6 7. Nc3 0-0 8. Qd3 Re8 9. Rd1 Qe7 10. Bf4 Bxf4 11. gxf4 Nh5 12. e3 Qf6 13. Ne5 g6 14. b4 a6 15. a4 Nxe5 16. fxe5 Qe7 17. b5 Bd7 18. bxc6 bxc6 19. Rdb1 a5 20. Rb7 Reb8 21. Rab1 Qd8 22. c5 Rxb7 23. Rxb7 Bc8 24. Rb6 Qc7 25. Qb1 Ng7 26. e4 Ne8 27. h4 Ng7 28. Rxc6 Qxc6 29. exd5 Qa6 30. d6 Nf5 31. Qb5 Nxh4 32. Be4 Ra7 33. c6 Kf8 34. Qc5 Kg7 35. Nb5 Ra8 36. d7 Bxd7 37. cxd7 Rd8 38. Qe7 Qb6 39. Nd6 Qxd4 40. Qf6+ 1-0